[Event "5th American Continental"]
[Site "Sao Paulo BRA"]
[Date "2009.07.28"]
[Round "5.64"]
[White "Alvarez Ramirez, Miguel Angel"]
[Black "Saito, Vinicius Ikezu"]
[Result "1-0"]
[WhiteElo "2236"]
[BlackElo "2080"]
[EventDate "2009.07.25"]
[PlyCount "63"]

1.d4 d5 2.c4 c6 3.Nf3 Nf6 4.Nc3 e6 5.Bg5 Nbd7 6.e3 Qa5 7.cxd5 Nxd5 8.Qd2 
Bb4 9.Rc1 h6 10.Bh4 O-O 11.e4 Nxc3 12.bxc3 Ba3 13.Rb1 e5 14.Bd3 Re8 15.O-O
exd4 16.cxd4 Qxd2 17.Nxd2 Nb6 18.Nb3 Bd6 19.Rfc1 f6 20.f3 Be6 21.Nc5 g5 
22.Bf2 Rab8 23.Nxe6 Rxe6 24.a4 Kg7 25.a5 Nc8 26.g3 a6 27.Rb3 Bc7 28.d5 Rd6
29.dxc6 bxc6 30.Rxb8 Bxb8 31.Bxa6 Na7 32.Rb1 1-0

[Event "5th American Continental"]
[Site "Sao Paulo BRA"]
[Date "2009.07.28"]
[Round "5.65"]
[White "Ramon Pita, Vivian"]
[Black "Silva, Sergio"]
[Result "1/2-1/2"]
[WhiteElo "2233"]
[BlackElo "2072"]
[EventDate "2009.07.25"]
[PlyCount "51"]

1.Nf3 d5 2.b3 Nf6 3.Bb2 c6 4.d3 Bf5 5.g3 e6 6.Bg2 Nbd7 7.O-O Bc5 8.Nbd2 
O-O 9.c4 Qe7 10.a3 a5 11.h3 h6 12.Kh2 Bh7 13.d4 Bd6 14.Ne5 Rfd8 15.f4 c5 
16.e3 Rac8 17.Qe2 b6 18.Rac1 Ne4 19.Nxe4 Bxe4 20.Bxe4 dxe4 21.Rcd1 f6 22.
Nxd7 Rxd7 23.d5 Rcd8 24.Rd2 Qf7 25.dxe6 Qxe6 26.Rd5 1/2-1/2

[Event "5th American Continental"]
[Site "Sao Paulo BRA"]
[Date "2009.07.28"]
[Round "5.66"]
[White "Guimaraes, Diogo Duarte"]
[Black "Chang, Suzana"]
[Result "1/2-1/2"]
[WhiteElo "2232"]
[BlackElo "2047"]
[EventDate "2009.07.25"]
[PlyCount "45"]

1.e4 c5 2.Nf3 e6 3.d4 cxd4 4.Nxd4 a6 5.Bd3 Nc6 6.Nb3 Nf6 7.O-O Be7 8.Qe2 
d6 9.Be3 O-O 10.a4 b6 11.Nc3 Bb7 12.Rfd1 Qc7 13.f3 Ne5 14.Qf2 Ned7 15.Qg3 
Rfe8 16.Ne2 Rac8 17.Nf4 Bf8 18.c4 d5 19.cxd5 exd5 20.Rac1 Qb8 21.Rxc8 Qxc8
22.e5 Nxe5 23.Qf2 1/2-1/2

[Event "5th American Continental"]
[Site "Sao Paulo BRA"]
[Date "2009.07.28"]
[Round "5.67"]
[White "Deus Filho, Joaquim de"]
[Black "Name, Gabriel Ricardo Salim"]
[Result "0-1"]
[WhiteElo "1990"]
[BlackElo "2226"]
[EventDate "2009.07.25"]
[PlyCount "55"]

1.e4 c5 2.Nc3 Nc6 3.g3 g6 4.Bg2 Bg7 5.d3 e6 6.Be3 b6 7.Qd2 Ba6 8.Nge2 Rc8 
9.O-O Nd4 10.Nc1 Ne7 11.Nd1 O-O 12.c3 Ndc6 13.Bh6 d5 14.Bxg7 Kxg7 15.exd5 
Nxd5 16.f4 Rc7 17.Nf2 Rd7 18.Rd1 f5 19.Re1 Qf6 20.Qc2 Bb7 21.Nb3 Rc8 22.
Nd2 e5 23.fxe5 Nxe5 24.Nf3 Nxf3+ 25.Bxf3 Rcd8 26.Qb3 h5 27.Rad1 Kh6 28.Qa4
0-1

[Event "5th American Continental"]
[Site "Sao Paulo BRA"]
[Date "2009.07.28"]
[Round "5.68"]
[White "Terao, Rodrigo Akira"]
[Black "Mourao, Igor A. C. Lofredo"]
[Result "1-0"]
[WhiteElo "2219"]
[BlackElo "2041"]
[EventDate "2009.07.25"]
[PlyCount "83"]

1.e4 d5 2.exd5 Qxd5 3.Nc3 Qd6 4.Bc4 Nf6 5.Nge2 a6 6.d4 b5 7.Bb3 Bb7 8.Bf4 
Qb6 9.O-O e6 10.a4 b4 11.a5 Qa7 12.Na4 Nbd7 13.c4 bxc3 14.Nexc3 Bd6 15.Be3
Nd5 16.Nxd5 Bxd5 17.Bxd5 exd5 18.Qg4 g6 19.Bg5 f5 20.Rfe1+ Kf7 21.Qh4 h6 
22.Be7 Rae8 23.Bxd6 cxd6 24.Rxe8 Rxe8 25.Qxh6 Qxd4 26.Nc3 Nf6 27.h3 Qb4 
28.Rd1 Qxa5 29.Qf4 Qc5 30.Qf3 d4 31.Ne2 Re4 32.Ng3 Re7 33.Qd3 a5 34.Ne2 
Rb7 35.b3 Rb4 36.Nxd4 Ne4 37.Qe3 Qc3 38.Rd3 Qa1+ 39.Kh2 Nc5 40.Nc2 Qb2 41.
Nxb4 Nxd3 42.Nxd3 1-0

[Event "5th American Continental"]
[Site "Sao Paulo BRA"]
[Date "2009.07.28"]
[Round "5.69"]
[White "Dias, Anderson Tatsch"]
[Black "Suasnabar Faustor, Jesus"]
[Result "1-0"]
[WhiteElo "2199"]
[BlackElo "2027"]
[EventDate "2009.07.25"]
[PlyCount "131"]

1.d4 d5 2.c4 e6 3.Nf3 c5 4.cxd5 exd5 5.e3 Nf6 6.Be2 c4 7.b3 Bb4+ 8.Bd2 
Bxd2+ 9.Nfxd2 cxb3 10.Qxb3 O-O 11.Nc3 Nc6 12.O-O Na5 13.Qb4 Be6 14.Nb3 
Nxb3 15.Qxb3 Rc8 16.Qa3 Rc6 17.Rfc1 Qb8 18.Bb5 Rc7 19.Ne2 a6 20.Bd3 Ng4 
21.Rxc7 Qxc7 22.g3 h5 23.Bh7+ Kxh7 24.Qxf8 Qc2 25.h3 Nxe3 26.Qa3 Qxe2 27.
Qxe3 Qb2 28.Qd3+ g6 29.Rb1 Qxa2 30.Rxb7 Qa1+ 31.Rb1 Qa4 32.Qd1 Qxd1+ 33.
Rxd1 Bxh3 34.Ra1 Bc8 35.Rc1 Bf5 36.Rc5 Be6 37.Rc6 Kg7 38.Rxa6 Kf6 39.Ra8 
Kf5 40.f3 Kg5 41.Rh8 Kf5 42.Kf2 Kg5 43.Ke3 Kf5 44.Re8 Kg5 45.Rg8 Kf5 46.
Rb8 Kg5 47.Rb1 Kf5 48.Rh1 Kg5 49.Kd3 Kf5 50.Re1 Kg5 51.Re5+ Kf6 52.f4 Ke7 
53.Re1 Kf6 54.Re5 Ke7 55.f5 gxf5 56.Ke2 Kf6 57.Kf3 Kg5 58.Re1 Kg6 59.Kf4 
Kh6 60.Ra1 Kg6 61.Ra8 Kh6 62.Rh8+ Kg6 63.Rg8+ Kh6 64.Ke5 Kh7 65.Rg5 Kh6 
66.Kf6 1-0

[Event "5th American Continental"]
[Site "Sao Paulo BRA"]
[Date "2009.07.28"]
[Round "5.70"]
[White "Baccarin, Natalia Viaro"]
[Black "Ferreira, Henrique Camara"]
[Result "0-1"]
[WhiteElo "1939"]
[BlackElo "2198"]
[EventDate "2009.07.25"]
[PlyCount "139"]

1.e4 e6 2.d3 d5 3.Nd2 c5 4.Ngf3 Nc6 5.g3 Be7 6.Bg2 Nf6 7.O-O O-O 8.e5 Nd7 
9.Re1 b5 10.Nf1 a5 11.h4 a4 12.a3 b4 13.N1h2 bxa3 14.bxa3 Rb8 15.Ng4 Ba6 
16.Bf4 Rb2 17.Rb1 Qb6 18.Rxb2 Qxb2 19.Bc1 Qc3 20.Qd2 Qxd2 21.Bxd2 Rb8 22.
Bc1 h5 23.Ngh2 Rb1 24.Nd2 Ra1 25.Nhf3 Ncxe5 26.Bb2 Nxf3+ 27.Nxf3 Rxe1+ 28.
Nxe1 c4 29.dxc4 Bxc4 30.Nd3 Bb5 31.Bf3 g6 32.Nb4 Nb6 33.Na2 Nc4 34.Be2 
Bxa3 35.Bxc4 Bxc4 36.Bxa3 Bxa2 37.Kf1 Bb1 38.c3 Bc2 39.Ke2 Kg7 40.Ke3 Kf6 
41.Kd2 Bb1 42.Ke3 e5 43.f3 Ke6 44.Kd2 f6 45.Ke3 Bc2 46.Kd2 Bb3 47.Bb4 Kd7 
48.Ba3 Bc4 49.Bb4 Bb5 50.Ba3 Ke6 51.Ke3 Bc6 52.Bc5 Bb7 53.Ba3 g5 54.Bb4 
Ba6 55.Ba3 Bc4 56.Bb4 gxh4 57.gxh4 Kd7 58.Ba3 Kc6 59.Be7 Kb5 60.Kd2 f5 61.
Bd6 e4 62.fxe4 dxe4 63.Ke3 Bf1 64.Kd4 Bd3 65.Be7 f4 66.c4+ Kc6 67.Bg5 f3 
68.Be3 a3 69.Ke5 a2 70.Bd4 0-1

[Event "5th American Continental"]
[Site "Sao Paulo BRA"]
[Date "2009.07.28"]
[Round "5.71"]
[White "Campos, Alexandre Ferreira"]
[Black "Brandao, Renan Alves"]
[Result "0-1"]
[WhiteElo "2194"]
[BlackElo "1995"]
[EventDate "2009.07.25"]
[PlyCount "128"]

1.c4 e5 2.Nc3 Nc6 3.g3 g6 4.Bg2 Bg7 5.Nf3 d6 6.d3 Nge7 7.O-O O-O 8.Rb1 Bg4
9.h3 Be6 10.b4 Nd4 11.Nxd4 exd4 12.Ne4 h6 13.Nd2 d5 14.Qc2 Qd7 15.Kh2 f5 
16.f4 Rad8 17.c5 b5 18.Nf3 Nc6 19.Qb2 Ra8 20.a4 a6 21.a5 Kh7 22.e3 dxe3 
23.d4 Rae8 24.Bxe3 Bg8 25.Ne5 Bxe5 26.dxe5 Rd8 27.Bd4 Be6 28.Rf2 Qf7 29.
Bf1 Rd7 30.Be2 Nd8 31.c6 Nxc6 32.Rc1 Nd8 33.Bd3 Rg8 34.Qb1 h5 35.h4 Qe8 
36.Rfc2 Rgg7 37.Rc5 Bg8 38.Qb2 Be6 39.R1c2 Rde7 40.Qc1 c6 41.Rxc6 Nxc6 42.
Rxc6 Qa8 43.Qc3 Qb7 44.Bb6 Rg8 45.Rd6 Rc8 46.Bc5 Rc6 47.Qd4 Re8 48.Be2 
Rxd6 49.exd6 Qg7 50.Qd1 Qb2 51.Kh3 Kh6 52.Bf3 d4 53.Bc6 Bb3 54.Qxd4 Qxd4 
55.Bxd4 Rd8 56.Be5 Be6 57.Bb7 Bc8 58.Bd5 Bd7 59.Bf6 Re8 60.Bb7 Re2 61.Bxa6
Bc6 62.Bb7 Bxb7 63.d7 Bg2+ 64.Kh2 Bc6+ 0-1

[Event "5th American Continental"]
[Site "Sao Paulo BRA"]
[Date "2009.07.28"]
[Round "5.72"]
[White "Rodrigues, Bruno Morado"]
[Black "Mesias Rojas, Rabindranath"]
[Result "1-0"]
[WhiteElo "1953"]
[BlackElo "2189"]
[EventDate "2009.07.25"]
[PlyCount "125"]

1.e4 e5 2.Nf3 Nf6 3.Nxe5 d6 4.Nf3 Nxe4 5.Qe2 Qe7 6.d3 Nf6 7.Bg5 Qxe2+ 8.
Bxe2 Be7 9.Nc3 c6 10.O-O-O O-O 11.Rhe1 Nbd7 12.d4 d5 13.Bd3 Bb4 14.Bf5 Nb6
15.Bxc8 Raxc8 16.Bxf6 gxf6 17.Rd2 Nc4 18.Rde2 a5 19.Nd2 Bxc3 20.bxc3 Nd6 
21.Nf1 b5 22.Ng3 b4 23.Re3 Nc4 24.Rf3 Rfe8 25.Rxe8+ Rxe8 26.Kd1 bxc3 27.
Rxc3 Rb8 28.Rb3 Rxb3 29.axb3 Nd6 30.Kd2 Kg7 31.Ke3 Kg6 32.Kf4 h6 33.f3 Nb5
34.Nf5 Kh7 35.Ke3 h5 36.Ne7 Na7 37.Kf4 Kg7 38.Kf5 Nb5 39.Nxc6 Na3 40.Nxa5 
Nxc2 41.Nc6 Ne3+ 42.Kf4 Nxg2+ 43.Kg3 Ne3 44.Kf2 Nf5 45.b4 Kf8 46.b5 Nd6 
47.b6 Ke8 48.Nb4 Kd7 49.Nxd5 Kc6 50.Nxf6 h4 51.Ke3 Kxb6 52.Kf4 Kc6 53.Kg4 
Kc7 54.Kf4 Kc6 55.Kg4 Kc7 56.d5 Kd8 57.Kxh4 Ke7 58.Ne4 Nf5+ 59.Kg5 Nd4 60.
Kf4 f5 61.Ng3 Kf6 62.h3 Kg6 63.h4 1-0

[Event "5th American Continental"]
[Site "Sao Paulo BRA"]
[Date "2009.07.28"]
[Round "5.73"]
[White "Salazar, Carlos"]
[Black "Nunes, Allan Hurba"]
[Result "1-0"]
[WhiteElo "2189"]
[BlackElo "1976"]
[EventDate "2009.07.25"]
[PlyCount "91"]

1.d4 e6 2.c4 Nf6 3.Nf3 b6 4.a3 d5 5.Nc3 Be7 6.cxd5 exd5 7.g3 O-O 8.Bg2 Bb7
9.O-O Nbd7 10.Bf4 c6 11.Rc1 a5 12.Ne5 Nxe5 13.Bxe5 Nd7 14.e4 Nxe5 15.exd5 
Ng6 16.dxc6 Ba6 17.Re1 Rc8 18.d5 Bd6 19.Qh5 Qc7 20.Bf1 Bxf1 21.Kxf1 Rfe8 
22.Nb5 Rxe1+ 23.Rxe1 Qd8 24.Qf5 Bc5 25.Qd7 Nf8 26.Qxd8 Rxd8 27.Rd1 f6 28.
d6 Ne6 29.c7 Rf8 30.d7 Nxc7 31.d8=Q Nxb5 32.Qd7 Nxa3 33.bxa3 Bxa3 34.Qc7 
Re8 35.Qxb6 Bb4 36.Rd7 h6 37.Qa7 Bf8 38.Qxa5 Kh8 39.Qd5 Rb8 40.Qf7 Rc8 41.
h4 Rb8 42.Kg2 Rc8 43.g4 Rb8 44.g5 fxg5 45.hxg5 hxg5 46.Rd1 1-0

[Event "5th American Continental"]
[Site "Sao Paulo BRA"]
[Date "2009.07.28"]
[Round "5.74"]
[White "Batista, Eliseu da Silva"]
[Black "Almeida Junior, Benone Lopes de"]
[Result "0-1"]
[WhiteElo "1901"]
[BlackElo "2188"]
[EventDate "2009.07.25"]
[PlyCount "58"]

1.e4 c5 2.b3 Nc6 3.Bb5 Nf6 4.Bxc6 bxc6 5.e5 Nd5 6.Ne2 g6 7.Bb2 Bg7 8.Nbc3 
Bxe5 9.O-O O-O 10.f4 Bg7 11.Kh1 d6 12.Qe1 Bf5 13.Nxd5 Bxb2 14.Rb1 Bg7 15.
Ne3 Bd7 16.f5 e6 17.fxg6 hxg6 18.Qf2 e5 19.Nc3 d5 20.Na4 Qe7 21.c4 d4 22.
Nc2 Bf5 23.Rbc1 e4 24.Ne1 Rae8 25.Nc2 Bh6 26.Qe1 Kg7 27.Nb2 Rh8 28.Qg3 
Bxd2 29.Rcd1 Bg5 0-1

[Event "5th American Continental"]
[Site "Sao Paulo BRA"]
[Date "2009.07.28"]
[Round "5.75"]
[White "Batista, Renato Luiz"]
[Black "Ferreira, Euclides Roberto"]
[Result "1/2-1/2"]
[WhiteElo "2178"]
[BlackElo "1960"]
[EventDate "2009.07.25"]
[PlyCount "112"]

1.d4 d5 2.c4 e6 3.Nc3 Nf6 4.cxd5 exd5 5.Qc2 c6 6.Bg5 g6 7.e3 Be7 8.Bd3 O-O
9.Nge2 Re8 10.O-O Ne4 11.Bxe7 Qxe7 12.Rfe1 Nd7 13.f3 Nxc3 14.Nxc3 Qd6 15.
Qf2 Nb6 16.e4 dxe4 17.Nxe4 Qd8 18.Nf6+ Qxf6 19.Rxe8+ Kg7 20.Qe3 Be6 21.
Rxa8 Nxa8 22.Qe5 Nb6 23.b3 Nd5 24.Bc4 Nc3 25.Bxe6 fxe6 26.Re1 a6 27.a4 Kf7
28.Qc7+ Qe7 29.Qxe7+ Kxe7 30.Kf2 Kd6 31.h4 Nd5 32.g3 Nb4 33.Re4 Nd3+ 34.
Ke3 Nc1 35.h5 Nxb3 36.h6 b5 37.axb5 a5 38.bxc6 a4 39.d5 Nc5 40.Rc4 Na6 41.
Rxa4 Nc7 42.dxe6 Kxc6 43.Rc4+ Kd6 44.Rxc7 Kxc7 45.Ke4 Kd6 46.e7 Kxe7 47.
Ke5 Kf7 48.g4 Ke7 49.g5 Kf7 50.f4 Ke7 51.Kd5 Kf7 52.Kd6 Kf8 53.Ke6 Ke8 54.
Kf6 Kf8 55.Ke6 Kg8 56.Kf6 Kh8 1/2-1/2

[Event "5th American Continental"]
[Site "Sao Paulo BRA"]
[Date "2009.07.28"]
[Round "5.76"]
[White "Cirilo, Guilherme de Araujo"]
[Black "Barrera Meza, Carlos"]
[Result "1/2-1/2"]
[WhiteElo "1803"]
[BlackElo "2177"]
[EventDate "2009.07.25"]
[PlyCount "81"]

1.Nf3 Nf6 2.c4 g6 3.g3 Bg7 4.Bg2 O-O 5.O-O Nc6 6.d4 d6 7.Nc3 Bg4 8.h3 Bxf3
9.Bxf3 Nd7 10.e3 e5 11.dxe5 Ndxe5 12.Be2 Qd7 13.Kh2 Na5 14.Qc2 Qe6 15.b3 
Nac6 16.a3 a5 17.Nd5 Rac8 18.Bb2 f5 19.Rad1 Ne7 20.Nxe7+ Qxe7 21.Qd2 Nc6 
22.Bxg7 Kxg7 23.Bf3 Ra8 24.Bd5 h5 25.Rde1 Qf6 26.Bg2 h4 27.c5 dxc5 28.Bxc6
Qxc6 29.gxh4 Qd6+ 30.Qxd6 cxd6 31.Rd1 Rad8 32.Rd5 Kf6 33.Rfd1 Ke6 34.Kg3 
b5 35.Kf4 Rh8 36.Kg3 Rd7 37.R1d2 Rc8 38.Kf4 Rh8 39.Kg3 Rb8 40.Kf4 Rh8 41.
Kg3 1/2-1/2

[Event "5th American Continental"]
[Site "Sao Paulo BRA"]
[Date "2009.07.28"]
[Round "5.78"]
[White "Terao, Juliana Sayumi"]
[Black "Almeida, Heitor de"]
[Result "1/2-1/2"]
[WhiteElo "2168"]
[BlackElo "1958"]
[EventDate "2009.07.25"]
[PlyCount "128"]

1.e4 c5 2.c3 Nf6 3.e5 Nd5 4.d4 cxd4 5.Qxd4 e6 6.Nf3 Nc6 7.Qe4 f5 8.Qe2 Qc7
9.g3 b5 10.Bg2 a5 11.O-O Ba6 12.Rd1 b4 13.c4 Bc5 14.b3 Rb8 15.Re1 O-O 16.
Qc2 Nde7 17.Nbd2 Ng6 18.Bb2 a4 19.Rad1 a3 20.Ba1 Bb7 21.Qd3 Rbd8 22.Qe2 
Qb6 23.Nf1 h6 24.Rd2 Ba8 25.Red1 Qa7 26.h4 f4 27.g4 Qc7 28.h5 Nh8 29.Rd3 
Nf7 30.N1d2 Bb6 31.Nf1 Bc5 32.N1h2 Bb6 33.R3d2 Bc5 34.Bf1 Qb7 35.Qe4 Nb8 
36.Qxb7 Bxb7 37.Bd4 Be7 38.Bb6 Rc8 39.Ba7 Bc6 40.Rd4 Nd8 41.Ne1 Na6 42.Nd3
f3 43.Nf4 Bc5 44.Bxc5 Nxc5 45.Ng6 Rf7 46.Bd3 Nxd3 47.R1xd3 Nb7 48.Re3 Nc5 
49.Nf1 Rd8 50.Nd2 Rc8 51.Kh2 Rb8 52.Kg3 Ra8 53.Rf4 Rb8 54.Nxf3 Na4 55.Rxf7
Kxf7 56.Re2 Nc3 57.Rc2 Be4 58.Rd2 Bc6 59.Kf4 Ke8 60.Nd4 Be4 61.Ne2 Bb1 62.
Nc1 Ne4 63.Re2 Nc3 64.Rd2 Ne4 1/2-1/2

[Event "5th American Continental"]
[Site "Sao Paulo BRA"]
[Date "2009.07.28"]
[Round "5.79"]
[White "Monteiro Neto, Cesidio Rocha"]
[Black "Freitas, Julio Eimard de"]
[Result "1/2-1/2"]
[WhiteElo "2145"]
[BlackElo "1870"]
[EventDate "2009.07.25"]
[PlyCount "121"]

1.e4 c5 2.Nf3 Nc6 3.d4 cxd4 4.Nxd4 Nf6 5.Nc3 d6 6.f3 g6 7.Be3 Bg7 8.Qd2 
O-O 9.Bc4 Bd7 10.O-O-O Rb8 11.Bb3 Na5 12.g4 b5 13.Bh6 Nc4 14.Bxc4 bxc4 15.
Bxg7 Kxg7 16.g5 Nh5 17.Nd5 e5 18.Ne2 Be6 19.h4 Bxd5 20.exd5 Qb6 21.Qc3 Qb4
22.Qxb4 Rxb4 23.c3 Ra4 24.Kb1 Rb8 25.Rhf1 Ra5 26.f4 exf4 27.Nxf4 Ng3 28.
Rfe1 Nf5 29.h5 Rab5 30.h6+ Kf8 31.Rd2 Re8 32.Rde2 Rxe2 33.Rxe2 Ng3 34.Re1 
Nf5 35.Re4 Rc5 36.Kc2 Ne7 37.Rd4 Nf5 38.Re4 Ne7 39.Rd4 Nf5 40.Rd2 Ra5 41.
a3 Ne3+ 42.Kc1 Rc5 43.Rd4 Nf5 44.Rd2 Ne3 45.Kb1 Nf5 46.Ka2 Rb5 47.a4 Rc5 
48.b4 cxb3+ 49.Kxb3 Ne3 50.Rd4 a5 51.c4 Nf5 52.Rd3 Ke7 53.Rc3 Kd7 54.Ne2 
Ke7 55.Kc2 f6 56.Nf4 fxg5 57.Ne6 Rc8 58.Nxg5 Nxh6 59.Nxh7 Nf7 60.Re3+ Ne5 
61.Kb3 1/2-1/2

[Event "5th American Continental"]
[Site "Sao Paulo BRA"]
[Date "2009.07.28"]
[Round "5.84"]
[White "Cornejo, Max"]
[Black "Reis, Alan de Albuquerque Maranha"]
[Result "1-0"]
[WhiteElo "2371"]
[BlackElo "2026"]
[EventDate "2009.07.25"]
[PlyCount "55"]

1.e4 e6 2.d4 d5 3.Nc3 Nf6 4.e5 Nfd7 5.f4 c5 6.Nf3 Nc6 7.Be3 Qb6 8.Na4 Qa5+
9.c3 c4 10.b4 Qc7 11.Be2 Ne7 12.O-O Nf5 13.Bf2 g6 14.g4 Ne7 15.Bg3 h5 16.
h3 b6 17.Ng5 hxg4 18.hxg4 b5 19.Nc5 Nxc5 20.bxc5 a5 21.a3 Bg7 22.Kg2 Ng8 
23.f5 gxf5 24.gxf5 Ne7 25.f6 Bh6 26.Nxf7 Kxf7 27.fxe7+ Kxe7 28.Bh4+ 1-0

[Event "5th American Continental"]
[Site "Sao Paulo BRA"]
[Date "2009.07.28"]
[Round "5.85"]
[White "Ferreira, Jose Carlos"]
[Black "Viana da Costa, Fernando"]
[Result "0-1"]
[WhiteElo "2013"]
[BlackElo "2284"]
[EventDate "2009.07.25"]
[PlyCount "32"]

1.e4 c5 2.Nf3 Nc6 3.Bb5 e6 4.Bxc6 bxc6 5.d3 Ne7 6.O-O Ng6 7.Qe2 Be7 8.Nbd2
e5 9.Nc4 d6 10.b3 O-O 11.a4 f5 12.exf5 Bxf5 13.Be3 Bg4 14.h3 Bxf3 15.gxf3 
Nh4 16.Nd2 Qe8 0-1

[Event "5th American Continental"]
[Site "Sao Paulo BRA"]
[Date "2009.07.28"]
[Round "5.86"]
[White "Pertuzatti, Daniel"]
[Black "Borges, Leomar Barbero"]
[Result "1-0"]
[WhiteElo "2011"]
[BlackElo "2242"]
[EventDate "2009.07.25"]
[PlyCount "91"]

1.e4 Nf6 2.e5 Nd5 3.c4 Nb6 4.d4 d6 5.f4 dxe5 6.fxe5 Nc6 7.Be3 Bf5 8.Nc3 e6
9.Nf3 Bg4 10.Qd2 Be7 11.O-O-O O-O 12.h3 Bf5 13.g4 Bg6 14.h4 Bb4 15.Ng5 Na5
16.h5 Naxc4 17.Bxc4 Nxc4 18.Qe2 Nxe3 19.Qxe3 h6 20.Nxe6 fxe6 21.hxg6 Bxc3 
22.bxc3 Qe7 23.g5 Rf5 24.gxh6 Raf8 25.hxg7 Qxg7 26.Rh3 Rf1 27.Qg5 Rxd1+ 
28.Kxd1 Qd7 29.Rh7 Qa4+ 30.Ke1 Rf1+ 31.Kxf1 Qd1+ 32.Kf2 Qc2+ 33.Ke1 Qxc3+ 
34.Qd2 Qg3+ 35.Kd1 Qg1+ 36.Qe1 Qxd4+ 37.Kc2 Qc4+ 38.Qc3 Qe2+ 39.Kb3 Qb5+ 
40.Ka3 Qa6+ 41.Kb4 Qb6+ 42.Kc4 Qc6+ 43.Kd4 Qa4+ 44.Ke3 Qg4 45.Rxc7 Qg1+ 
46.Kd2 1-0

[Event "5th American Continental"]
[Site "Sao Paulo BRA"]
[Date "2009.07.28"]
[Round "5.87"]
[White "Markzon, Gregory"]
[Black "Costa, Joao Carlos da"]
[Result "1-0"]
[WhiteElo "2231"]
[BlackElo "2007"]
[EventDate "2009.07.25"]
[PlyCount "69"]

1.d4 Nf6 2.c4 e6 3.Nc3 c5 4.d5 d6 5.g3 e5 6.Bg2 Be7 7.f4 a6 8.Nf3 Nbd7 9.
O-O Qb6 10.e4 h6 11.Qd3 O-O 12.Nd1 Re8 13.f5 Nf8 14.Nf2 N8h7 15.g4 Kh8 16.
h4 Qd8 17.g5 Ng8 18.Nh3 b5 19.b3 Ra7 20.Be3 Bf8 21.Qd2 Rb7 22.Nh2 bxc4 23.
bxc4 Qb6 24.Rf2 Qb4 25.Qe2 Qa4 26.Raf1 Rb4 27.g6 fxg6 28.fxg6 Nhf6 29.Ng5 
Re7 30.Nf7+ Rxf7 31.gxf7 Ne7 32.Rxf6 gxf6 33.Qh5 Kh7 34.Bxh6 Bxh6 35.f8=Q 
1-0

[Event "5th American Continental"]
[Site "Sao Paulo BRA"]
[Date "2009.07.28"]
[Round "5.89"]
[White "Ramos, Angelo Bil"]
[Black "Salama, Andre Sasson"]
[Result "0-1"]
[WhiteElo "2197"]
[BlackElo "1983"]
[EventDate "2009.07.25"]
[PlyCount "188"]

1.e4 e6 2.d4 d5 3.Nd2 dxe4 4.Nxe4 Bd7 5.Nf3 Bc6 6.Bd3 Nd7 7.c3 Ngf6 8.Ng3 
Be7 9.O-O O-O 10.Re1 Bxf3 11.Qxf3 c6 12.b3 Re8 13.Bb2 Qa5 14.a3 Qd5 15.Qd1
Rad8 16.c4 Qg5 17.Qf3 Bd6 18.Re2 Qf4 19.Qxf4 Bxf4 20.Rae1 a6 21.Nf1 c5 22.
g3 Bd6 23.dxc5 Nxc5 24.Bc2 Bc7 25.Bc3 Bb6 26.Rd2 Rxd2 27.Nxd2 Rd8 28.Kg2 
Nd3 29.Rf1 Bxf2 30.Rxf2 Ne1+ 31.Kh3 Nxc2 32.Nf1 Nd4 33.Rd2 e5 34.Ba5 Re8 
35.Rd3 Nc6 36.Bb6 h5 37.Ne3 e4 38.Rd1 Ne5 39.Rd6 Neg4 40.Kg2 Nxe3+ 41.Bxe3
Ng4 42.Bd2 e3 43.Be1 e2 44.h3 Ne3+ 45.Kf2 Nd1+ 46.Kg2 Re3 47.Rb6 Re7 48.
Rd6 g5 49.a4 Kg7 50.a5 Ne3+ 51.Kg1 f5 52.Rd2 Nd1 53.Rd5 Kf6 54.Rd6+ Ke5 
55.Rd2 Kf6 56.b4 Ne3 57.Rxe2 Nxc4 58.Bc3+ Kf7 59.Rf2 Kg6 60.Bd4 Ne5 61.Kg2
Nd3 62.Rd2 Ne5 63.Bc5 Rd7 64.Re2 Kf6 65.Be3 Nd3 66.Bd2 f4 67.Bc3+ Kf5 68.
Re8 Rd5 69.Kf3 g4+ 70.hxg4+ hxg4+ 71.Ke2 fxg3 72.Rf8+ Ke4 73.Re8+ Ne5 74.
Bxe5 Rxe5 75.Rg8 Kf4+ 76.Kf1 Rb5 77.Rf8+ Ke5 78.Kg2 Rxb4 79.Kxg3 Kd4 80.
Rc8 Rc4 81.Rd8+ Kc3 82.Rd1 Kb4 83.Rb1+ Kxa5 84.Rxb7 Ka4 85.Rb1 a5 86.Rb8 
Rb4 87.Ra8 Kb5 88.Kg2 a4 89.Rb8+ Kc4 90.Re8 a3 91.Re4+ Kb3 92.Re3+ Ka4 93.
Re1 a2 94.Kg3 Rb1 0-1

[Event "5th American Continental"]
[Site "Sao Paulo BRA"]
[Date "2009.07.28"]
[Round "5.90"]
[White "Vivaldo, Leonardo Vicente"]
[Black "Souza, Marcos Valerio"]
[Result "0-1"]
[WhiteElo "2006"]
[BlackElo "2169"]
[EventDate "2009.07.25"]
[PlyCount "126"]

1.e4 e5 2.Nf3 Nc6 3.Bb5 a6 4.Ba4 Nf6 5.d3 Bc5 6.O-O b5 7.Bb3 d6 8.c3 Bg4 
9.Be3 O-O 10.h3 Bh5 11.Nbd2 Bxe3 12.fxe3 d5 13.exd5 Nxd5 14.Qe1 Bg6 15.Bc2
Nf6 16.e4 Nh5 17.Rd1 Qe7 18.Nh4 Qc5+ 19.Qf2 Qxf2+ 20.Rxf2 Rad8 21.Nf1 Rd7 
22.g3 Nf6 23.Rfd2 Rfd8 24.Kf2 Kf8 25.Ke3 Nh5 26.Ng2 h6 27.g4 Nf6 28.Ng3 h5
29.Kf3 hxg4+ 30.hxg4 Nh7 31.Nh4 Ng5+ 32.Ke3 Bh7 33.a3 Na5 34.Nf3 Nxf3 35.
Kxf3 c5 36.Rh2 Bg8 37.b4 Nb7 38.Ke3 f6 39.Rh8 g6 40.bxc5 Nxc5 41.d4 Kg7 
42.Rhh1 Ne6 43.d5 Nc5 44.Bd3 Rc7 45.Ne2 Nb7 46.a4 Nd6 47.axb5 axb5 48.Rb1 
Rb8 49.Rhc1 Nc4+ 50.Bxc4 Rxc4 51.Rb4 f5 52.gxf5 gxf5 53.Rxc4 bxc4 54.Ra1 
f4+ 55.Kf3 Bf7 56.Ra7 Kf6 57.Rc7 Bh5+ 58.Kf2 Rb2 59.Rxc4 Rxe2+ 60.Kf1 f3 
61.Rc6+ Kg5 62.Re6 Kg4 63.Rf6 Re3 0-1

[Event "5th American Continental"]
[Site "Sao Paulo BRA"]
[Date "2009.07.28"]
[Round "5.91"]
[White "Condori Aranya, Edwin"]
[Black "Awoki, Daniel Teidi"]
[Result "1-0"]
[WhiteElo "2160"]
[BlackElo "1927"]
[EventDate "2009.07.25"]
[PlyCount "95"]

1.c4 Nf6 2.g3 d5 3.cxd5 Nxd5 4.Bg2 g6 5.Nc3 Nb6 6.d4 Bg7 7.Nf3 O-O 8.O-O 
Nc6 9.e3 e6 10.Qe2 Qe7 11.Rd1 Rd8 12.h3 e5 13.d5 Nb4 14.e4 c6 15.a3 Na6 
16.Bg5 f6 17.Be3 h6 18.Nh4 Kh7 19.b4 Nc7 20.Rac1 cxd5 21.Nxd5 Ncxd5 22.
exd5 g5 23.Qc2+ Kg8 24.Nf5 Bxf5 25.Qxf5 Qd7 26.Qg6 Rac8 27.Rxc8 Nxc8 28.d6
Nxd6 29.Bd5+ Kh8 30.Be4 Kg8 31.Qh7+ Kf7 32.Bd5+ Ke8 33.Qg8+ Bf8 34.Qg6+ 
Ke7 35.Bc5 Re8 36.Bf7 Kd8 37.Bxe8 Qe6 38.Qf7 Qxf7 39.Bxf7 Kc7 40.Be6 b6 
41.Bxd6+ Bxd6 42.Rc1+ Kb7 43.Bc8+ Kb8 44.Ba6 Bc7 45.g4 e4 46.Kf1 b5 47.Ke2
e3 48.fxe3 1-0

[Event "5th American Continental"]
[Site "Sao Paulo BRA"]
[Date "2009.07.28"]
[Round "5.92"]
[White "Lucena, Lincoln"]
[Black "Britez, Jorge Antonio Gonzales"]
[Result "1-0"]
[WhiteElo "2150"]
[BlackElo "1877"]
[EventDate "2009.07.25"]
[PlyCount "51"]

1.Nf3 Nf6 2.c4 g6 3.Nc3 d5 4.cxd5 Nxd5 5.g3 Bg7 6.Bg2 O-O 7.O-O Nb6 8.d3 
Nc6 9.Be3 h6 10.Qd2 Kh7 11.Rac1 Be6 12.b3 Nd5 13.Nxd5 Bxd5 14.Rc5 e6 15.
Rfc1 Re8 16.h4 Bf8 17.Rb5 a6 18.Rbc5 Bxc5 19.Rxc5 Qd6 20.Rc3 h5 21.Bc5 Qd7
22.e4 Bxe4 23.Ng5+ Kg8 24.Nxe4 Qd8 25.Qh6 Nd4 26.Ng5 1-0

[Event "5th American Continental"]
[Site "Sao Paulo BRA"]
[Date "2009.07.28"]
[Round "5.93"]
[White "Camara, Jose Arruda"]
[Black "Utiyama, Marcel Heimar Ribeiro"]
[Result "0-1"]
[WhiteElo "1975"]
[BlackElo "2146"]
[EventDate "2009.07.25"]
[PlyCount "58"]

1.e4 c5 2.Nf3 d6 3.c3 Nf6 4.d3 Nc6 5.Na3 Bg4 6.Be2 g6 7.Be3 Bg7 8.Qd2 Rb8 
9.Rc1 Qa5 10.O-O O-O 11.h3 Bxf3 12.Bxf3 b5 13.d4 cxd4 14.cxd4 Qxd2 15.Bxd2
Nxd4 16.Rc7 Rfc8 17.Rfc1 Rxc7 18.Rxc7 b4 19.Nc4 Nb5 20.Rc6 Nd7 21.Bd1 Nc5 
22.e5 Ne4 23.Bf4 Nd4 24.Ra6 d5 25.Ne3 g5 26.Bh2 Rc8 27.f3 Nc5 28.Rxa7 e6 
29.f4 Nc6 0-1

[Event "5th American Continental"]
[Site "Sao Paulo BRA"]
[Date "2009.07.28"]
[Round "5.94"]
[White "Maia, Jose Eduardo Bastos"]
[Black "Chiari, Arthur Gontijo"]
[Result "1-0"]
[WhiteElo "2118"]
[BlackElo "1854"]
[EventDate "2009.07.25"]
[PlyCount "59"]

1.d4 Nf6 2.Nf3 g6 3.c4 Bg7 4.Nc3 d5 5.cxd5 Nxd5 6.Bd2 O-O 7.e4 Nb6 8.Be2 
Nc6 9.d5 Ne5 10.Nxe5 Bxe5 11.Bh6 Re8 12.O-O e6 13.Bb5 Bd7 14.Bxd7 Qxd7 15.
f4 Bh8 16.dxe6 Qxe6 17.e5 Rad8 18.Qf3 Nc4 19.Ne4 Nd2 20.Nxd2 Rxd2 21.f5 
Qb6+ 22.Kh1 Rxb2 23.e6 f6 24.Rad1 Qb4 25.Rd7 Qh4 26.Bc1 Rb5 27.fxg6 hxg6 
28.Qd3 Qg4 29.Qxb5 Qxe6 30.Qd5 1-0

[Event "5th American Continental"]
[Site "Sao Paulo BRA"]
[Date "2009.07.28"]
[Round "5.95"]
[White "Azevedo, Alcides Alexandre"]
[Black "Garcia, Liria Caetano"]
[Result "1-0"]
[WhiteElo "2105"]
[BlackElo "1837"]
[EventDate "2009.07.25"]
[PlyCount "83"]

1.e4 c6 2.d4 d5 3.Nc3 dxe4 4.Nxe4 Nd7 5.Nf3 Ngf6 6.Ng3 g6 7.Bd3 Bg7 8.c3 
O-O 9.O-O c5 10.Re1 b6 11.Qe2 Qc7 12.Ne4 Re8 13.Nxf6+ Nxf6 14.dxc5 Qxc5 
15.Be3 Qc7 16.Bb5 Bd7 17.Bd4 Rad8 18.Bxd7 Rxd7 19.a4 Red8 20.Ne5 Rd5 21.
Nf3 e6 22.Be5 Qd7 23.c4 Rd3 24.Nd4 Rxd4 25.Bxd4 Qc7 26.Be5 Qc6 27.Rad1 Rc8
28.b3 Ne8 29.Rd3 f6 30.Bc3 e5 31.Qe4 Qc5 32.Qd5+ Qxd5 33.Rxd5 a6 34.Red1 
Rc7 35.Rd7 Rc6 36.Re7 Rc8 37.Rb7 Rc6 38.Rd8 Re6 39.Bb4 a5 40.Ba3 e4 41.Be7
Kf7 42.Bc5+ 1-0